书目信息 |
| 题名: |
认真执行党的民主集中制
|
|
| 作者: | ;北京师范大学《认真执行党的民主集中制》编写组 编 | |
| 分册: | ||
| 出版信息: | 北京 北京出版社 1978.09 |
|
| 页数: | 94页 | |
| 开本: | 19cm | |
| 丛书名: | ||
| 单 册: | ||
| 中图分类: | D262.11 | |
| 科图分类: | ||
| 主题词: | 中国共产党 | |
| 电子资源: | ||
| ISBN: | ||
| 000 | 00717nam0 2200205 45 | |
| 001 | 0302251428 | |
| 005 | 20031219104104.3 | |
| 010 | @dCNY0.19 | |
| 091 | @a3071.313 | |
| 100 | @a20030225d1978 km y0chiy0120 ea | |
| 101 | 0 | @achi |
| 105 | @a z 000yy | |
| 200 | 1 | @a认真执行党的民主集中制@ARen Zhen Zhi Xing Dang De Min Zhu Ji Zhong Zhi@f北京师范大学《认真执行党的民主集中制》编写组编@FBei Jing Shi Fan Da Xue《Ren Zhen Zhi Xing Dang De Min Zhu Ji Zhong Zhi》Bian Xie Zu Bian |
| 210 | @a北京@c北京出版社@d1978.09 | |
| 215 | @a94页@d19cm | |
| 606 | 0 | @a中国共产党 |
| 690 | @aD262.11@v3 | |
| 711 | 02 | @a北京师范大学《认真执行党的民主集中制》编写组@4编 |
| 801 | @aCN@bTSTC@c20030225 | |
| 905 | @f1@b1031@dD262.11@e3-1 | |
| 认真执行党的民主集中制/北京师范大学《认真执行党的民主集中制》编写组编.-北京:北京出版社,1978.09 |
| 94页;19cm |
| ISBN :CNY0.19 |
| ● |
| 相关链接 |
|
|
|
|
正题名:认真执行党的民主集中制
索取号:D262.11/3-1
 
预约/预借
| 序号 | 登录号 | 条形码 | 馆藏地/架位号 | 状态 | 备注 |
| 1 | 0001031 | 001753891 | 密集书库/ [索取号:D262.11/3-1] | 在馆 |